000 00537nam a2200181 i 4500
001 64715
003 ES-MaACL
005 20230906165208.0
007 t|
008 040105s1971 sp ||||1| spa d
100 1 _aFornari, Franco.
_951769
245 1 0 _aDesmitificación de la paz y de la guerra /
_cFranco Fornari ; [traducción de Carlos Manzano].
250 _a[1ª ed.].
260 _a[Barcelona] :
_bDopesa,
_c[1971]
300 _a334 p. ;
_c19 cm.
700 1 _aManzano, Carlos.
_976216
852 _aES-MaACL
_jC-43843
_bR.79551
999 _c64715
_d64715